000 00486 a2200169 4500
005 20250507094952.0
020 _a0-07-340281-8
082 _aLECT 330.024 THO
100 _aTHOMAS, C. R.
245 _aManagerial Economics
250 _a9th Ed.
260 _aBoston,
_bMcGraw-Hill,
_c2008.
300 _axvii, 746p.: ill.; figure, graph.
_bIndex.
_c24cm.
_eCD.
700 _aMAURICE, S. C.
856 _yAccess Online Book
_fManagerial Economics
_dwww.mhhe.com/thomas9
942 _2ddc
_cBKS
999 _c2079
_d2079